000 00737nam a22002657a 4500
003 CHAP
005 20220329134711.0
008 971013s r 00010 d
010 _a24428
011 _a25400
035 _a29500
040 _cCHAP
082 _a634.653
_bI58
110 _aInstitut Superieur Technique D'Outremer
_959014
245 _aL'avocat et sa culture
260 _aLe Havre :
_bLe Institut,
_c(198?)
300 _a92 p.
_b: ilus
500 _aFotocopias
590 _aBATCH-UPD
_b10
_c20130110
_lUCH01
_h1832
590 _aCONVERSION
_b10
_c20130109
_lUCH01
_h1314
650 1 4 _aAguacate.
_92490
901 _aBK
942 _cLIBRO
949 _a634.653 I58
_bBC
_cLIBRO
_d33724000206066
_eLIBRO
_h71659
_i29500
_si
999 _c24428
_d24428